Tennis ATP 2026 - Vainqueurs des Tournois - Statistiques

Statistiques générales
  • Ce quiz a été pris 173 fois
    60 depuis la dernière actualisation
  • Le résultat moyen est 17 sur 23
Statistiques - réponses
Tournoi Catégorie Vainqueur % Correct
Open d'Australie Grand Chelem Carlos Alcaraz
100%
Doha ATP 500 Carlos Alcaraz
100%
Indian Wells Masters 1000 Jannik Sinner
100%
Miami Masters 1000 Jannik Sinner
100%
Monte-Carlo Masters 1000 Jannik Sinner
100%
Barcelone ATP 500 Arthur Fils
92%
Brisbane ATP 250 Daniil Medvedev
88%
Dubaï ATP 500 Daniil Medvedev
88%
Dallas ATP 500 Ben Shelton
82%
Munich ATP 500 Ben Shelton
82%
Rotterdam ATP 500 Alex De Minaur
80%
Marrakech ATP 250 Rafael Jodar
78%
Montpellier ATP 250 Felix Auger-Aliassime
75%
Houston ATP 250 Tommy Paul
71%
Acapulco ATP 500 Flavio Cobolli
69%
Hong Kong ATP 250 Alexander Bublik
67%
Buenos Aires ATP 250 Francisco Cerundolo
59%
Santiago ATP 250 Luciano Darderi
57%
Auckland ATP 250 Jakub Mensik
53%
Rio de Janeiro ATP 500 Tomas Martin Etcheverry
53%
Adelaïde ATP 250 Tomas Machac
45%
Delray Beach ATP 250 Sebastian Korda
35%
Bucarest ATP 250 Mariano Navone
31%
Aucun quiz correspondant
Distribution des résultats
% des personnes avec chaque résultat
Percentile par nombre de réponses
Votre historique - résultats
Vous n’avez pas pris ce quiz depuis la dernière actualisation